| 000 | 00777nam a2200265 a 4500 | ||
|---|---|---|---|
| 001 | 70786 | ||
| 003 | BD-RjUL | ||
| 005 | 20211209082035.0 | ||
| 008 | 170420s1966 nyu 001 0 eng | ||
| 035 | _a(BD-RjUL)71000 | ||
| 040 |
_aDLC _cRSC _dBD-RjUL _beng |
||
| 041 | _aeng | ||
| 082 |
_223 _a515 _bLEC 1966 |
||
| 090 |
_aQA303 _b.D346 |
||
| 099 | _aQA303.D346 | ||
| 100 | 1 |
_aDeLeeuw, Karel, _d1930-1978. _9209513 |
|
| 245 | 1 | 0 |
_aCalculus / _cKarel De Leeuw |
| 260 |
_aNew York : _bHarcourt, Brace & World, _cc1966. |
||
| 300 |
_axii, 283 p. : _bill. ; _c23 cm. |
||
| 490 | 1 | _aHarbrace college mathematics series | |
| 504 | _aIncludes index and bibliography | ||
| 650 | 0 |
_aCalculus. _9209514 |
|
| 830 | 0 |
_aHarbrace college mathematics series. _9209517 |
|
| 942 |
_2ddc _cBK |
||
| 999 |
_c70786 _d70786 |
||